Recopa Sudamericana - Vainqueurs - Statistiques

Statistiques générales
  • Ce quiz a été pris 4 fois
  • Le résultat moyen est 21 sur 34
Statistiques - réponses
Année Pays Vainqueur % Correct
2024 Brésil Fluminense
100%
2012 Brésil Santos FC
100%
2014 Brésil Atlético Mineiro
67%
1990 Argentine Boca Juniors
67%
2005 Argentine Boca Juniors
67%
2006 Argentine Boca Juniors
67%
2008 Argentine Boca Juniors
67%
2026 Argentine CA Lanús
67%
1991 Paraguay Club Olimpia
67%
2003 Paraguay Club Olimpia
67%
1992 Chili Colo Colo
67%
2020 Brésil CR Flamengo
67%
1998 Brésil Cruzeiro EC
67%
1996 Brésil Grêmio Porto Alegre
67%
2018 Brésil Grêmio Porto Alegre
67%
1995 Argentine Independiente
67%
2009 Équateur LDU Quito
67%
2010 Équateur LDU Quito
67%
1989 Uruguay Nacional
67%
2022 Brésil Palmeiras
67%
2025 Argentine Racing Club
67%
2015 Argentine River Plate
67%
2016 Argentine River Plate
67%
2019 Argentine River Plate
67%
2013 Brésil SC Corinthians
67%
1997 Argentine Vélez Sársfield
67%
2017 Colombie Atlético Nacional
33%
2004 Pérou Cienciano del Cusco
33%
2021 Argentine Defensa y Justicia
33%
2023 Équateur Independiente del Valle
33%
1993 Brésil São Paulo FC
33%
1994 Brésil São Paulo FC
33%
2007 Brésil SC Internacional
33%
2011 Brésil SC Internacional
33%
Aucun quiz correspondant
Distribution des résultats
% des personnes avec chaque résultat
Percentile par nombre de réponses
Votre historique - résultats
Vous n’avez pas pris ce quiz